[Event "17th Africa-ch"]
[Site "Lagos NGR"]
[Date "2022.09.25"]
[Round "7"]
[White "Egbe, Kossi Thierry"]
[Black "Ikhimiukor, Ehidiamen"]
[Result "0-1"]
[WhiteElo "1695"]
[BlackElo "1942"]
[EventDate "2022.09.18"]
[PlyCount "80"]

1.e4 e5 2.Nf3 Nc6 3.d4 exd4 4.Nxd4 Nf6 5.Nxc6 bxc6 6.e5 Qe7 7.Qe2 Nd5 8.c4
Nb6 9.g3 Qe6 10.b3 Bb4+ 11.Bd2 Bxd2+ 12.Nxd2 O-O 13.Bg2 Bb7 14.O-O d5 15.
Rac1 Rae8 16.f4 f6 17.Nf3 dxc4 18.b4 fxe5 19.Nxe5 Nd7 20.Rfe1 Nxe5 21.Qxe5
Qd6 22.Qxe8 Rxe8 23.Rxe8+ Kf7 24.Re2 Bc8 25.Rec2 Be6 26.a3 Qd4+ 27.Kh1 Bd5
28.Re1 Qd3 29.Rce2 h6 30.Re7+ Kg6 31.Be4+ Bxe4+ 32.R7xe4 c3 33.Kg1 c2 34.
Re6+ Kf5 35.Rxc6 Kg4 36.Rc5 g6 37.Rxc7 Qd2 38.Rce7 c1=Q 39.Rxc1 Qxc1+ 40.
Kg2 Qd2+ 0-1

[Event "17th Africa-ch"]
[Site "Lagos NGR"]
[Date "2022.09.25"]
[Round "7"]
[White "Saah, Thomas"]
[Black "Mahamat, Hachim Bachar"]
[Result "1-0"]
[WhiteElo "1886"]
[BlackElo "1815"]
[EventDate "2022.09.18"]
[PlyCount "75"]

1.e4 e5 2.Bc4 Bc5 3.Nf3 Nc6 4.d4 Bxd4 5.Nxd4 Nxd4 6.O-O Nf6 7.f4 d6 8.fxe5
dxe5 9.Bg5 Be6 10.Bd3 h6 11.Bh4 g5 12.Bg3 Bg4 13.Qe1 Nd7 14.c3 Ne6 15.Nd2 
Nf4 16.Bc4 Qe7 17.b4 a5 18.Nf3 Be6 19.Bb3 axb4 20.Bxe6 Qxe6 21.cxb4 Rxa2 
22.Bxf4 gxf4 23.Rxa2 Qxa2 24.Qc3 Rg8 25.Nh4 Rg4 26.Qh3 h5 27.Nf3 Qb2 28.
Ne1 Nf6 29.Qd3 Qxb4 30.Nf3 Nxe4 31.h3 Rg3 32.Kh2 Ng5 33.Rd1 Nxf3+ 34.gxf3 
Qd6 35.Qb5+ Qc6 36.Qxe5+ Qe6 37.Qh8+ Ke7 38.Qd8# 1-0

[Event "17th Africa-ch"]
[Site "Lagos NGR"]
[Date "2022.09.25"]
[Round "7"]
[White "Chimthere, Alfred Charles"]
[Black "Wallace, O. Williams"]
[Result "1-0"]
[WhiteElo "2027"]
[BlackElo "1725"]
[EventDate "2022.09.18"]
[PlyCount "88"]

1.d4 c5 2.d5 e6 3.c4 Nf6 4.Nc3 Qa5 5.Bd2 Qb6 6.Qc2 Na6 7.e4 e5 8.f4 Bd6 9.
Nf3 Nb4 10.Qb1 Bb8 11.a3 Na6 12.fxe5 Ng4 13.Bf4 f6 14.d6 fxe5 15.Nxe5 Qxd6
16.Nd3 Qd4 17.Qd1 Bxf4 18.Qxg4 Qe3+ 19.Qe2 O-O 20.Nd5 Qxe2+ 21.Bxe2 Bg5 
22.g3 d6 23.h4 Bd8 24.Kd2 Nc7 25.Nxc7 Bxc7 26.Nf4 Bd7 27.Rad1 Rae8 28.Bf3 
Bc6 29.Rhe1 Ba5+ 30.Kd3 Bxe1 31.Rxe1 h6 32.h5 Rb8 33.Bg4 Rf6 34.Be6+ Kh8 
35.b4 b5 36.bxc5 dxc5 37.e5 Rff8 38.Ng6+ Kh7 39.Nxf8+ Rxf8 40.Bd5 Rd8 41.
Ke4 Be8 42.g4 bxc4 43.e6 g6 44.hxg6+ Kxg6 1-0

[Event "17th Africa-ch"]
[Site "Lagos NGR"]
[Date "2022.09.26"]
[Round "8"]
[White "Adly, Ahmed"]
[Black "Ortega, Amarelle Mariano"]
[Result "1-0"]
[WhiteElo "2578"]
[BlackElo "2474"]
[EventDate "2022.09.18"]
[PlyCount "109"]

1.d4 Nf6 2.Nf3 d5 3.g3 Bf5 4.Bg2 h6 5.O-O e6 6.c4 c6 7.Nc3 Nbd7 8.Qb3 Qb6 
9.c5 Qa6 10.Re1 b6 11.cxb6 axb6 12.Nh4 Bh7 13.e4 dxe4 14.Nxe4 Nxe4 15.Bxe4
Bxe4 16.Rxe4 Be7 17.Ng6 Nf6 18.Rxe6 fxg6 19.Bxh6 gxh6 20.Rae1 Nd5 21.Qc2 
Qb7 22.Qxg6+ Kd8 23.Rc1 Rc8 24.Qg7 Kd7 25.Re5 Rcf8 26.Qg6 Bf6 27.Qg4+ Kd8 
28.Re6 Qd7 29.Rcxc6 Be7 30.Qe2 Rf5 31.Qa6 Ke8 32.Qa8+ Qd8 33.Rc8 Kf7 34.
Rxd8 Rxd8 35.Qc6 Rf6 36.Rxf6+ Bxf6 37.a4 Bxd4 38.Qxh6 Bxb2 39.h4 Nf6 40.h5
Bd4 41.Kg2 Rg8 42.Qf4 Rg4 43.Qc7+ Ke6 44.h6 Rg8 45.f4 Kd5 46.Kf3 Re8 47.
Kg2 Re2+ 48.Kh3 Re8 49.g4 Re3+ 50.Kh4 Rc3 51.Qe7 Bf2+ 52.Kg5 Ne4+ 53.Kh5 
Rh3+ 54.Kg6 Rh4 55.Qe5+ 1-0

[Event "17th Africa-ch"]
[Site "Lagos NGR"]
[Date "2022.09.26"]
[Round "8"]
[White "Amin, Bassem"]
[Black "Rakotomaharo, Fy Antenaina"]
[Result "1-0"]
[WhiteElo "2663"]
[BlackElo "2492"]
[EventDate "2022.09.18"]
[PlyCount "63"]

1.Nf3 d5 2.g3 g6 3.c4 c6 4.Qa4 d4 5.d3 Bg7 6.Bg2 Nf6 7.b4 O-O 8.Bb2 Nh5 9.
Nbd2 Nd7 10.O-O a5 11.c5 e5 12.Nc4 Ra6 13.bxa5 Nxc5 14.Qc2 Nd7 15.a4 Bf6 
16.Rfb1 Ng7 17.Bh3 Nf5 18.Qc1 Be7 19.Ba3 Re8 20.Bxf5 gxf5 21.Bxe7 Qxe7 22.
Qh6 c5 23.Nb6 Nxb6 24.Rxb6 Rxb6 25.axb6 f6 26.a5 Qg7 27.Qxg7+ Kxg7 28.Rc1 
e4 29.Nd2 exd3 30.exd3 Re2 31.Rxc5 Be6 32.a6 1-0

[Event "17th Africa-ch"]
[Site "Lagos NGR"]
[Date "2022.09.26"]
[Round "8"]
[White "Hesham, Abdelrahman"]
[Black "Lungu, Nase"]
[Result "1-0"]
[WhiteElo "2374"]
[BlackElo "2261"]
[EventDate "2022.09.18"]
[PlyCount "67"]

1.d4 d5 2.c4 e6 3.Nc3 Nf6 4.cxd5 exd5 5.Bg5 c6 6.e3 Bf5 7.Qf3 Be6 8.Bxf6 
gxf6 9.Bd3 h5 10.Bf5 Qd7 11.Bxe6 Qxe6 12.h4 Nd7 13.Nge2 Bd6 14.Ng3 Bxg3 
15.Qxg3 O-O-O 16.Nb5 Ne5 17.dxe5 cxb5 18.Rc1+ Kb8 19.exf6+ Ka8 20.Qf3 d4 
21.Rc7 Rb8 22.O-O Rh6 23.exd4 Rxf6 24.Qxh5 Rf4 25.d5 Qe4 26.g3 Rf5 27.Qd1 
Rxd5 28.Qc2 Qe6 29.Rc1 a6 30.Qb3 Qf5 31.Qe3 Re5 32.Rxf7 Qh5 33.Qf3 Qg6 34.
Rf6 1-0

[Event "17th Africa-ch"]
[Site "Lagos NGR"]
[Date "2022.09.26"]
[Round "8"]
[White "Solomon, Kenny"]
[Black "Okeke, Isaac Chukwudalu"]
[Result "1-0"]
[WhiteElo "2356"]
[BlackElo "2180"]
[EventDate "2022.09.18"]
[PlyCount "106"]

1.d4 d5 2.Nf3 Nf6 3.c4 e6 4.Nc3 Bb4 5.Qa4+ Nc6 6.e3 O-O 7.Qc2 Qe7 8.a3 
Bxc3+ 9.Qxc3 Ne4 10.Qc2 a5 11.Bd3 f5 12.b3 Bd7 13.Bb2 Be8 14.O-O Rf6 15.
Ne1 Rh6 16.g3 Qg5 17.f4 Qe7 18.Nf3 Bh5 19.Ne5 Nxe5 20.dxe5 c6 21.a4 Bg4 
22.cxd5 exd5 23.Bxe4 dxe4 24.Ba3 Qf7 25.Rf2 Rd8 26.Bd6 Bf3 27.Qc4 Re6 28.
Raa2 Ree8 29.Rab2 Rd7 30.Rfd2 Qe6 31.Rbc2 Kf7 32.Qc3 h5 33.h4 Qg6 34.Kh2 
Qe6 35.Rb2 Ra8 36.Rd4 Rad8 37.Qxa5 Kg6 38.Qc3 Kh7 39.Rbd2 Qg6 40.Qc4 Re8 
41.a5 Rdd8 42.b4 Rd7 43.Bc5 Rxd4 44.Rxd4 Qg4 45.Rd2 Qg6 46.Qa2 Kh8 47.e6 
Rxe6 48.Rd7 Kh7 49.Rxb7 Re8 50.Bd4 Qg4 51.a6 Rd8 52.Qf7 Rxd4 53.exd4 Be2 
1-0

[Event "17th Africa-ch"]
[Site "Lagos NGR"]
[Date "2022.09.26"]
[Round "8"]
[White "Kigigha, Bomo Lovet"]
[Black "Silva, David"]
[Result "0-1"]
[WhiteElo "2196"]
[BlackElo "2315"]
[EventDate "2022.09.18"]
[PlyCount "116"]

1.c4 e5 2.g3 Nf6 3.Bg2 c6 4.Nf3 e4 5.Nd4 d5 6.cxd5 Qxd5 7.e3 Bc5 8.Nc3 Qe5
9.d3 exd3 10.Qxd3 O-O 11.O-O Rd8 12.Nf3 Qe7 13.Qc2 Bb6 14.b3 Qc5 15.Bb2 
Bf5 16.Qc1 Na6 17.Na4 Qe7 18.a3 Be4 19.Nxb6 axb6 20.Ne5 Bxg2 21.Kxg2 Nc5 
22.Qc2 Qe6 23.b4 Nce4 24.Rfd1 Ng5 25.Qe2 Rd5 26.Rxd5 Qxd5+ 27.f3 Rd8 28.h4
Ne6 29.Rc1 b5 30.Rc2 h5 31.e4 Qd1 32.Qxd1 Rxd1 33.Kf2 Ne8 34.Ke2 Rg1 35.
Kf2 Rh1 36.Rd2 Rb1 37.f4 Nf6 38.Kf3 Rf1+ 39.Kg2 Nxe4 40.Re2 Rb1 41.f5 Nf8 
42.Nd3 Nd6 43.f6 g6 44.Nf4 Ne6 45.Bc3 Rb3 46.Be1 Nf5 47.Nxe6 fxe6 48.Rxe6 
Kf7 49.Re2 Rxa3 50.Bf2 Kxf6 51.Re8 Rb3 52.Re4 Kf7 53.Be1 Re3 54.Rxe3 Nxe3+
55.Kf3 Nd5 56.Ke4 Ke6 57.Bd2 b6 58.Kd4 Nxb4 0-1

[Event "17th Africa-ch"]
[Site "Lagos NGR"]
[Date "2022.09.26"]
[Round "8"]
[White "Eyetonghan, Denyefa Callistus"]
[Black "Beukes, Dante M."]
[Result "0-1"]
[WhiteElo "2079"]
[BlackElo "2295"]
[EventDate "2022.09.18"]
[PlyCount "64"]

1.d4 Nf6 2.c4 g6 3.Nc3 Bg7 4.e4 d6 5.f3 O-O 6.Bg5 c5 7.d5 e6 8.Qd2 h6 9.
Be3 exd5 10.cxd5 Nh5 11.Bd3 Nd7 12.g4 Nhf6 13.h4 Ne5 14.Be2 b5 15.Bxb5 c4 
16.Bxh6 Nfxg4 17.Bxg7 Kxg7 18.O-O-O a6 19.Bxc4 Nxc4 20.Qd4+ Nge5 21.f4 Qc7
22.b3 Na3 23.Kb2 Nb5 24.Nxb5 axb5 25.fxe5 dxe5 26.Qd2 Bg4 27.Rf1 Ra6 28.
Rh2 Rfa8 29.Ra1 Qa7 30.a4 bxa4 31.Ne2 axb3 32.Rxa6 Qxa6 0-1

[Event "17th Africa-ch"]
[Site "Lagos NGR"]
[Date "2022.09.26"]
[Round "8"]
[White "Gong, Thon Gong"]
[Black "Abdulraheem, Abdulrahman Akintoye"]
[Result "0-1"]
[WhiteElo "2166"]
[BlackElo "2277"]
[EventDate "2022.09.18"]
[PlyCount "56"]

1.e4 c5 2.c3 g6 3.d4 cxd4 4.cxd4 d5 5.e5 Nc6 6.h3 Bg7 7.Nf3 Nh6 8.Nc3 O-O 
9.Be2 f6 10.exf6 exf6 11.O-O Nf5 12.b3 Be6 13.Re1 Re8 14.Bf4 Rc8 15.Na4 g5
16.Bc1 Ncxd4 17.Nxd4 Nxd4 18.Bd3 Bf7 19.Rxe8+ Qxe8 20.Bb2 Nc6 21.Bf5 Rd8 
22.Nc5 Qe7 23.Qc2 h6 24.Rc1 Ne5 25.Ba3 Re8 26.Bb4 Nc6 27.Bd2 Nd4 28.Bh7+ 
Kh8 0-1

[Event "17th Africa-ch"]
[Site "Lagos NGR"]
[Date "2022.09.26"]
[Round "8"]
[White "Adebayo, Adegboyega Joel"]
[Black "Zhemba, Jemusse"]
[Result "1-0"]
[WhiteElo "2267"]
[BlackElo "2232"]
[EventDate "2022.09.18"]
[PlyCount "126"]

1.d4 Nf6 2.Bf4 d5 3.e3 Bf5 4.c4 Nc6 5.Nc3 e6 6.Nf3 Ne4 7.h3 Bb4 8.Qb3 a5 
9.a4 O-O 10.Be2 Bd6 11.Bxd6 Qxd6 12.O-O Nb4 13.Rfc1 c6 14.c5 Qc7 15.Na2 
Nxa2 16.Rxa2 h6 17.Bd3 Bh7 18.Qc2 Kh8 19.Rb1 f6 20.b4 axb4 21.Rxb4 e5 22.
Qb2 Ra7 23.dxe5 fxe5 24.Bxe4 dxe4 25.Nxe5 Rf5 26.Rxe4 Rh5 27.Qb6 Qxb6 28.
cxb6 Ra6 29.Nf7+ Kg8 30.Re7 Rxb6 31.Nd6 Bb1 32.Ra1 Bc2 33.Rxb7 Ra6 34.Rb4 
c5 35.Rb2 Bxa4 36.Ne4 Re5 37.f3 Bb5 38.Rxa6 Bxa6 39.Rc2 c4 40.Kf2 Kf8 41.
Ra2 Bb7 42.Nd6 Bd5 43.Rc2 Be6 44.Nxc4 Rc5 45.Na3 Rg5 46.Rc7 Ra5 47.Nc2 Ra2
48.Kg3 Kg8 49.Nd4 Bf7 50.Nf5 Rd2 51.h4 Rb2 52.e4 Re2 53.Kh3 Ra2 54.g4 h5 
55.g5 Ra5 56.Kg3 Ra1 57.Kf4 Ra6 58.Rd7 Re6 59.Rd6 Re8 60.g6 Bc4 61.Rd7 Be6
62.Rxg7+ Kf8 63.Rh7 Bg8 1-0

[Event "17th Africa-ch"]
[Site "Lagos NGR"]
[Date "2022.09.26"]
[Round "8"]
[White "De Gondo, Simplice Armel"]
[Black "Balogun, Oluwafemi Daniel"]
[Result "0-1"]
[WhiteElo "2119"]
[BlackElo "2240"]
[EventDate "2022.09.18"]
[PlyCount "96"]

1.d4 Nf6 2.c4 g6 3.Nc3 Bg7 4.e4 d6 5.f3 O-O 6.Be3 c5 7.dxc5 dxc5 8.Qxd8 
Rxd8 9.Bxc5 Nc6 10.Nge2 Nd7 11.Bf2 b6 12.Rd1 Bb7 13.Nd4 Nc5 14.Nd5 Nxd4 
15.Bxd4 Bxd4 16.Rxd4 e6 17.Nf6+ Kg7 18.Rxd8 Rxd8 19.Ng4 Na4 20.b3 Nc3 21.
Nf2 Nxa2 22.Nd3 a5 23.Kd2 Nb4 24.Kc3 Nxd3 25.Bxd3 f5 26.e5 g5 27.Rd1 f4 
28.Be2 Rxd1 29.Bxd1 g4 30.fxg4 Bxg2 31.Kd4 h6 32.h4 Kf7 33.Bc2 Bf3 34.g5 
hxg5 35.hxg5 Bg4 36.c5 bxc5+ 37.Kxc5 f3 38.Bd3 Bh3 39.g6+ Kg7 40.Kd6 f2 
41.Ke7 Bf5 42.Bf1 Kxg6 43.Kd6 Kg5 44.Kc5 Kh4 45.Kb5 Bh3 46.Bc4 f1=Q 47.
Bxf1 Bxf1+ 48.Kxa5 Kg5 0-1

[Event "17th Africa-ch"]
[Site "Lagos NGR"]
[Date "2022.09.26"]
[Round "8"]
[White "Aikhoje, Odion"]
[Black "Kabwe, Timothy"]
[Result "1-0"]
[WhiteElo "2239"]
[BlackElo "2206"]
[EventDate "2022.09.18"]
[PlyCount "109"]

1.Nf3 d5 2.d4 c5 3.c3 cxd4 4.cxd4 Nc6 5.Nc3 Nf6 6.a3 g6 7.Bf4 Bg7 8.h3 Ne4
9.Rc1 Nxc3 10.Rxc3 f6 11.e3 e5 12.Bh2 e4 13.Nd2 a6 14.Be2 O-O 15.Qb3 Kh8 
16.Rc5 Ne7 17.Nb1 b5 18.Bc7 Qd7 19.O-O f5 20.Bf4 h6 21.Rc7 Qe6 22.Qb4 Rf7 
23.Qd6 Ng8 24.Rfc1 Qxd6 25.Bxd6 Rxc7 26.Rxc7 Be6 27.Nc3 Nf6 28.Be5 Ne8 29.
Bxg7+ Nxg7 30.Bd1 a5 31.Nxb5 Rb8 32.Rc5 g5 33.b3 f4 34.Bg4 Bg8 35.a4 h5 
36.Bc8 Kh7 37.Kf1 f3 38.g4 hxg4 39.Bxg4 Be6 40.Ke1 Kg6 41.Kd2 Bxg4 42.hxg4
Rh8 43.Nc3 Rh4 44.Rxa5 Rxg4 45.Rxd5 Rg2 46.Nxe4 Nf5 47.Kd3 g4 48.Rc5 Rg1 
49.Rc2 Rd1+ 50.Rd2 Rb1 51.Kc2 Re1 52.d5 Kf7 53.d6 Ke8 54.d7+ Kd8 55.Nc5 
1-0

[Event "17th Africa-ch"]
[Site "Lagos NGR"]
[Date "2022.09.26"]
[Round "8"]
[White "Ajibola, Olanrewaju"]
[Black "Lapite, Oluwadurotimi"]
[Result "1-0"]
[WhiteElo "2285"]
[BlackElo "2136"]
[EventDate "2022.09.18"]
[PlyCount "95"]

1.d4 Nf6 2.Nf3 d5 3.e3 c5 4.c3 e6 5.Bd3 Nbd7 6.Nbd2 b6 7.Ne5 Bb7 8.f4 Be7 
9.O-O O-O 10.Qf3 Rc8 11.g4 Rc7 12.Nxd7 Qxd7 13.g5 Ne8 14.Bxh7+ Kxh7 15.
Qh5+ Kg8 16.Rf3 g6 17.Qh6 Ng7 18.Rh3 Nh5 19.Nf1 e5 20.Rh4 Re8 21.Ng3 Bf8 
22.Nxh5 gxh5 23.Qxh5 Bg7 24.fxe5 Qf5 25.Bd2 Ba6 26.Re1 Bd3 27.Rf4 Qg6 28.
Qg4 Qe6 29.Qg3 Kh7 30.h4 Rh8 31.h5 Rg8 32.Kf2 Be4 33.Rg1 Bf8 34.Rf6 Qc8 
35.g6+ Kh8 36.Qf4 Qh3 37.e6 fxg6 38.Rxf8 Rxf8 39.Qxf8+ Kh7 40.hxg6+ Bxg6 
41.Qf4 Re7 42.Rg4 Kg7 43.Qe5+ Kh7 44.Qg5 Qh2+ 45.Rg2 Qxg2+ 46.Qxg2 Rxe6 
47.Qh3+ Kg7 48.Qxe6 1-0

[Event "17th Africa-ch"]
[Site "Lagos NGR"]
[Date "2022.09.26"]
[Round "8"]
[White "Emmanuel, Joy Idara"]
[Black "Olape, Bunmi"]
[Result "0-1"]
[WhiteElo "2116"]
[BlackElo "2250"]
[EventDate "2022.09.18"]
[PlyCount "70"]

1.e4 e5 2.Nf3 Nc6 3.Bb5 d6 4.d4 exd4 5.Nxd4 Bd7 6.Nc3 Nf6 7.O-O Be7 8.Re1 
O-O 9.Nxc6 bxc6 10.Bc4 Kh8 11.h3 Qc8 12.Bf4 Ng8 13.Qd2 Be6 14.Bb3 f5 15.
Bg5 Bxg5 16.Qxg5 f4 17.f3 Rf6 18.Bxe6 Qxe6 19.e5 Rg6 20.Qh5 d5 21.Ne2 Rf8 
22.Nd4 Qe7 23.Kh1 c5 24.Nb3 Nh6 25.Rad1 Nf5 26.Kh2 Ng3 27.Qxg6 hxg6 28.
Rxd5 c4 29.Nd4 Nf5 30.c3 Ne3 31.Rb5 c5 32.Nc6 Qd7 33.Rxc5 Qd2 34.Rg1 Rf5 
35.h4 Qf2 0-1

[Event "17th Africa-ch"]
[Site "Lagos NGR"]
[Date "2022.09.26"]
[Round "8"]
[White "Etukakpan, Leonard"]
[Black "Paiva, Donaldo"]
[Result "0-1"]
[WhiteElo "2113"]
[BlackElo "2207"]
[EventDate "2022.09.18"]
[PlyCount "143"]

1.d4 Nf6 2.c4 e6 3.Nc3 Bb4 4.Qb3 c5 5.dxc5 Nc6 6.Nf3 Ne4 7.Bd2 Nxd2 8.Nxd2
O-O 9.e3 f5 10.Na4 Qe7 11.a3 Bxc5 12.Nxc5 Qxc5 13.Qc3 b6 14.b4 Qe7 15.Be2 
Bb7 16.O-O Rac8 17.Rac1 d6 18.Bf3 g5 19.b5 Na5 20.Bxb7 Qxb7 21.Qd3 Qe7 22.
f4 g4 23.e4 Rc5 24.Rce1 Qc7 25.a4 Rc8 26.Kh1 Qf7 27.Qxd6 Nxc4 28.Nxc4 Rxc4
29.exf5 Qxf5 30.Qxe6+ Qxe6 31.Rxe6 Rxf4 32.Rd1 Rd4 33.Rf1 Rxa4 34.Re7 Rf8 
35.Rd1 Rf7 36.Re5 Kg7 37.Kg1 Kg6 38.h4 gxh3 39.gxh3 Rf5 40.Rd6+ Kg5 41.Re7
Rxb5 42.Rd2 h5 43.Kh2 Rb3 44.Re5+ Kh4 45.Kg2 Rg3+ 46.Kf2 Rf4+ 47.Ke2 Rg2+ 
48.Ke3 Rxd2 49.Kxf4 Rd3 50.Re7 Ra3 51.Rh7 Ra5 52.Rg7 Kxh3 53.Rg1 h4 54.Rb1
Kg2 55.Rb2+ Kf1 56.Kf3 Ra3+ 57.Kg4 h3 58.Rb1+ Ke2 59.Rh1 b5 60.Rh2+ Kd1 
61.Rh1+ Kc2 62.Rh2+ Kb3 63.Rxh3+ Ka4 64.Rh7 a5 65.Kf4 Rd3 66.Ke4 Rd8 67.
Rh1 b4 68.Ke3 b3 69.Rh4+ Ka3 70.Rh5 a4 71.Rb5 b2 72.Ke4 0-1

[Event "17th Africa-ch"]
[Site "Lagos NGR"]
[Date "2022.09.26"]
[Round "8"]
[White "Barcon, Harmon"]
[Black "Rehan, Deng Cypriano"]
[Result "0-1"]
[WhiteElo "1951"]
[BlackElo "2145"]
[EventDate "2022.09.18"]
[PlyCount "46"]

1.e4 d6 2.d4 Nf6 3.Bd3 Nbd7 4.Nf3 e5 5.c3 c6 6.O-O Be7 7.Re1 Qc7 8.Nbd2 h6
9.a4 Nf8 10.Nc4 Ng6 11.h3 O-O 12.Ne3 Re8 13.Bc2 Bf8 14.Nf5 Be6 15.Nh2 d5 
16.dxe5 Nxe5 17.f4 Bxf5 18.exf5 Nc4 19.Nf1 Qb6+ 20.Kh2 Qf2 21.Bd2 Bc5 22.
Qf3 Qg1+ 23.Kg3 Nxd2 0-1

[Event "17th Africa-ch"]
[Site "Lagos NGR"]
[Date "2022.09.26"]
[Round "8"]
[White "Onokpite, Kennedy"]
[Black "Phiri, Richmond"]
[Result "0-1"]
[WhiteElo "2095"]
[BlackElo "2351"]
[EventDate "2022.09.18"]
[PlyCount "118"]

1.e4 c5 2.Nc3 e6 3.d4 cxd4 4.Qxd4 Nc6 5.Qe3 Nf6 6.Bd2 Be7 7.Qg3 O-O 8.
O-O-O d6 9.Bh6 Ne8 10.Nf3 a6 11.Bg5 f6 12.Bf4 b5 13.Bd3 Qa5 14.Kb1 b4 15.
Ne2 Ne5 16.Nxe5 dxe5 17.Be3 Nd6 18.f3 Qc7 19.Rd2 a5 20.Rc1 a4 21.Qe1 Ba6 
22.Rdd1 Nc4 23.Bxc4 Bxc4 24.Rd2 Rfd8 25.Rxd8+ Rxd8 26.Rd1 f5 27.Nc1 f4 28.
Bf2 a3 29.b3 Bb5 30.Nd3 Rc8 31.Rc1 Qd6 32.Rd1 Rc3 33.Qd2 g5 34.Be1 Bxd3 
35.cxd3 Qd4 36.Bf2 Qd6 37.d4 Bf6 38.d5 Be7 39.dxe6 Qxe6 40.Qd5 Kf7 41.h3 
h5 42.Qxe6+ Kxe6 43.Rc1 Rd3 44.Kc2 Rd8 45.Rd1 Rg8 46.Kd3 g4 47.hxg4 hxg4 
48.Ke2 gxf3+ 49.gxf3 Rg2 50.Kf1 Rh2 51.Kg1 Rh8 52.Rc1 Rd8 53.Rc6+ Kf7 54.
Rc2 Rd1+ 55.Kg2 Rb1 56.Re2 Ke6 57.Rd2 Rb2 58.Be1 Bh4 59.Kf1 Rb1 0-1

[Event "17th Africa-ch"]
[Site "Lagos NGR"]
[Date "2022.09.26"]
[Round "8"]
[White "John, Henry"]
[Black "Saah, Thomas"]
[Result "1-0"]
[WhiteElo "2245"]
[BlackElo "1886"]
[EventDate "2022.09.18"]
[PlyCount "71"]

1.e4 c5 2.Nf3 Nc6 3.Bb5 Qc7 4.O-O g6 5.Re1 Bg7 6.c3 e5 7.Na3 a6 8.Bxc6 
Qxc6 9.d4 exd4 10.cxd4 c4 11.d5 Qc7 12.e5 Nh6 13.Qd4 b5 14.d6 Qc6 15.Bxh6 
Bxh6 16.e6 O-O 17.exf7+ Rxf7 18.Ne5 Qb7 19.Nxf7 Kxf7 20.Re7+ Kg8 21.Qf6 
Qxg2+ 22.Kxg2 Bb7+ 23.Kg1 Rf8 24.Qh4 Bg7 25.Rae1 Bc6 26.Rxg7+ Kxg7 27.Re7+
Rf7 28.Qf4 Bd5 29.Qe5+ Kh6 30.Qxd5 Rf5 31.Qd2+ g5 32.Qd4 Kg6 33.Qg7+ Kh5 
34.h3 h6 35.Re4 Rf3 36.Rh4+ 1-0

[Event "17th Africa-ch"]
[Site "Lagos NGR"]
[Date "2022.09.26"]
[Round "8"]
[White "Manyang, Peter Majur"]
[Black "Adu, Oladapo"]
[Result "0-1"]
[WhiteElo "2111"]
[BlackElo "2026"]
[EventDate "2022.09.18"]
[PlyCount "88"]

1.d4 d5 2.c4 e6 3.Nc3 a6 4.e3 Nf6 5.Bd3 dxc4 6.Bxc4 b5 7.Bd3 Bb7 8.Nf3 c5 
9.dxc5 Nc6 10.a3 Bxc5 11.O-O O-O 12.Qc2 Bd6 13.Rd1 Qe7 14.b4 Rac8 15.Bb2 
Rfd8 16.Qe2 Ne5 17.Nxe5 Bxe5 18.Rac1 Rd7 19.f4 Bb8 20.Na2 Rcd8 21.Bd4 Rxd4
22.exd4 Bxf4 23.Rc5 Bb8 24.Rg5 Qd6 25.Qe5 Qe7 26.Qe3 h6 27.Rc5 Bxh2+ 28.
Kf1 Ng4 29.Qe2 Qf6+ 30.Ke1 Qf4 31.Rd2 Ne3 32.Bh7+ Kxh7 33.Rd3 Bg3+ 34.Kd2 
Nxg2+ 35.Kc3 Be4 36.Rd1 Ne3 37.Rd2 Nc4 38.Rd1 f5 39.Rf1 Qd6 40.Rd1 Bh4 41.
Kb3 Qg3+ 42.Nc3 Bf3 43.Qd3 Bxd1+ 44.Qxd1 Bf6 0-1

[Event "17th Africa-ch"]
[Site "Lagos NGR"]
[Date "2022.09.26"]
[Round "8"]
[White "Ikhimiukor, Ehidiamen"]
[Black "Onovughe, Ochuko Emmanuel"]
[Result "1/2-1/2"]
[WhiteElo "1942"]
[BlackElo "2087"]
[EventDate "2022.09.18"]
[PlyCount "102"]

1.d4 c5 2.d5 Nf6 3.c4 g6 4.Nf3 Bg7 5.Nc3 d6 6.e4 O-O 7.Bd3 e6 8.Bf4 exd5 
9.cxd5 a6 10.O-O b5 11.a3 Qb6 12.h3 Re8 13.Re1 Nbd7 14.Qd2 c4 15.Bc2 Nc5 
16.Rab1 Nfd7 17.Be3 Bb7 18.Bd4 Bxd4 19.Qxd4 Re7 20.b3 cxb3 21.Bxb3 Rc8 22.
Bd1 Qa5 23.Re3 Qc7 24.a4 bxa4 25.Bxa4 Rce8 26.Bxd7 Nxd7 27.Qb4 Nc5 28.Nd2 
f5 29.f3 f4 30.Re2 Nd3 31.Qd4 Ne5 32.Ree1 Rf7 33.Rec1 Qe7 34.Ne2 g5 35.Nc4
Nxc4 36.Rxc4 h5 37.Rbc1 Rd8 38.Qb6 Rd7 39.Nd4 Qe5 40.Nc6 Qf6 41.Nb8 Rde7 
42.Nxa6 Bxa6 43.Qxa6 g4 44.Rc8+ Kh7 45.Qd3 Qg6 46.hxg4 hxg4 47.fxg4 Qxg4 
48.Qf3 Rg7 49.R1c3 Qxf3 50.Rxf3 Rxe4 51.Rf8 Rg5 1/2-1/2

[Event "17th Africa-ch"]
[Site "Lagos NGR"]
[Date "2022.09.26"]
[Round "8"]
[White "Lesbros, Bernard"]
[Black "Okemakinde, Toluwanimi"]
[Result "0-1"]
[WhiteElo "1884"]
[BlackElo "2083"]
[EventDate "2022.09.18"]
[PlyCount "72"]

1.Nf3 d5 2.c4 e6 3.d4 Nf6 4.g3 Bb4+ 5.Bd2 a5 6.Qc2 O-O 7.Bg2 b6 8.O-O Bb7 
9.a3 Be7 10.cxd5 exd5 11.Nc3 Nbd7 12.Rfd1 c6 13.e4 Nxe4 14.Nxe4 dxe4 15.
Qxe4 Nf6 16.Qc2 Nd5 17.Be3 Bf6 18.Qf5 g6 19.Qd3 Re8 20.Nd2 Ba6 21.Nc4 Qe7 
22.Re1 Rad8 23.Bd2 Qc7 24.Rxe8+ Rxe8 25.Rc1 Qd8 26.Rd1 Bb5 27.b3 a4 28.b4 
Ne7 29.Be3 Nf5 30.Be4 Bxc4 31.Qxc4 Rxe4 32.Qxc6 Nxe3 33.Re1 Re6 34.Qxa4 
Bxd4 35.fxe3 Bxe3+ 36.Kg2 Qd2+ 0-1

[Event "17th Africa-ch"]
[Site "Lagos NGR"]
[Date "2022.09.26"]
[Round "8"]
[White "Ebosse, Kingue Victor Patrick"]
[Black "Amega-Dzaka, Komi Nukunu"]
[Result "1-0"]
[WhiteElo "2075"]
[BlackElo "1621"]
[EventDate "2022.09.18"]
[PlyCount "50"]

1.e4 d5 2.Nf3 dxe4 3.Ng5 Nf6 4.Bc4 e6 5.Nc3 Nbd7 6.Ncxe4 Nxe4 7.Nxe4 Nf6 
8.Qe2 Be7 9.d3 Bd7 10.Bd2 Bc6 11.Ng5 Bd5 12.O-O-O c6 13.f4 h6 14.Nf3 b5 
15.Bb3 O-O 16.g4 a5 17.c4 bxc4 18.dxc4 Bxf3 19.Qxf3 Qb6 20.g5 a4 21.Bc2 
Rfb8 22.Bc3 hxg5 23.fxg5 Nh7 24.Bxh7+ Kxh7 25.Qf4 Bxg5 1-0

[Event "17th Africa-ch"]
[Site "Lagos NGR"]
[Date "2022.09.26"]
[Round "8"]
[White "Chimthere, Alfred Charles"]
[Black "Kpan Deckalet, Mario Prosper"]
[Result "1-0"]
[WhiteElo "2027"]
[BlackElo "1591"]
[EventDate "2022.09.18"]
[PlyCount "101"]

1.d4 Nf6 2.c4 g6 3.Nc3 Bg7 4.Bg5 O-O 5.Qd2 d6 6.Bh6 e5 7.Bxg7 Kxg7 8.O-O-O
Nbd7 9.Nf3 Re8 10.e3 a5 11.h4 exd4 12.exd4 Nf8 13.Ng5 c6 14.Be2 h6 15.Nh3 
N8h7 16.Nf4 Bf5 17.Bd3 Qd7 18.f3 h5 19.Qc2 Bxd3 20.Qxd3 Re7 21.Rhe1 Rae8 
22.Rxe7 Rxe7 23.d5 c5 24.Nb5 Re5 25.Qd2 b6 26.Nd3 Re7 27.a4 Ne8 28.Qf4 f5 
29.Qg3 Nf8 30.Kd2 Kh7 31.Qf4 Kg7 32.Qg5 Nh7 33.Qg3 Nf8 34.Qf4 Nh7 35.Rf1 
Rf7 36.Qg3 Nf8 37.Nf4 Kh7 38.Qg5 Qe7 39.Re1 Qd7 40.Rxe8 Qxe8 41.Nxd6 Qe5 
42.Nxf7 Qxb2+ 43.Ke1 Qc1+ 44.Kf2 Qb2+ 45.Kg3 Qg7 46.Nd6 Nd7 47.Qd8 Kh6 48.
Ne6 Qe5+ 49.f4 Qe1+ 50.Kh2 Qxh4+ 51.Qxh4 1-0

[Event "17th Africa-ch"]
[Site "Lagos NGR"]
[Date "2022.09.26"]
[Round "8"]
[White "Amako, Marc Arnold"]
[Black "Wallace, O. Williams"]
[Result "1-0"]
[WhiteElo "1555"]
[BlackElo "1725"]
[EventDate "2022.09.18"]
[PlyCount "77"]

1.c4 Nf6 2.Nc3 e6 3.e4 d6 4.d4 c6 5.Nf3 Qa5 6.Bd3 Be7 7.O-O Na6 8.a3 Bd7 
9.e5 dxe5 10.dxe5 Ng4 11.Qe2 h5 12.Bf4 Nh6 13.Ne4 Nf5 14.b4 Qc7 15.c5 Nb8 
16.Nd6+ Bxd6 17.exd6 Qd8 18.Bxf5 Qf6 19.Qe4 Qxf5 20.Qxf5 exf5 21.Rfe1+ Be6
22.Ng5 Kd7 23.Nxf7 Re8 24.Ng5 Na6 25.Nxe6 Rxe6 26.Rxe6 Kxe6 27.Re1+ Kf6 
28.h4 Kf7 29.Bg5 Re8 30.Rd1 Nb8 31.d7 Nxd7 32.Rxd7+ Kg6 33.Rxb7 a5 34.Rb6 
Rc8 35.bxa5 Kf7 36.a6 Ra8 37.Rxc6 Ke8 38.Rd6 Kf7 39.c6 1-0

[Event "17th Africa-ch"]
[Site "Lagos NGR"]
[Date "2022.09.26"]
[Round "8"]
[White "Botsoe, Koffi"]
[Black "Apollos, Akomaka"]
[Result "1/2-1/2"]
[WhiteElo "1629"]
[BlackElo "1909"]
[EventDate "2022.09.18"]
[PlyCount "120"]

1.e4 d6 2.Nf3 Nf6 3.d3 g6 4.c3 Bg7 5.Be3 O-O 6.Nbd2 e5 7.h3 Nbd7 8.d4 c6 
9.Bc4 d5 10.Bb3 exd4 11.cxd4 Nxe4 12.Nxe4 dxe4 13.Nd2 Nf6 14.O-O Re8 15.
Qc2 Be6 16.Nc4 Bxc4 17.Qxc4 Nd5 18.Rad1 a5 19.a4 Qe7 20.Qc1 Kh8 21.Qc4 f5 
22.Rde1 Qb4 23.Rd1 Qxc4 24.Bxc4 f4 25.Bxd5 fxe3 26.Bc4 exf2+ 27.Rxf2 e3 
28.Re2 Rad8 29.d5 cxd5 30.Rxd5 Rxd5 31.Bxd5 b6 32.b3 Bd4 33.Bc4 Kg7 34.g3 
Kf6 35.Kg2 Ke5 36.Kf3 Rf8+ 37.Kg2 Ke4 38.Rc2 Bc5 39.Re2 Kd4 40.Rc2 Ke4 41.
Re2 Rd8 42.Bb5 Bb4 43.Bc4 Bd2 44.Bb5 Rf8 45.Bc4 Kd4 46.Bb5 Kc3 47.Bc4 Rf6 
48.g4 g5 49.Kg3 h6 50.Kg2 Rf4 51.Kg3 Rxc4 52.bxc4 Kxc4 53.h4 gxh4+ 54.Kf3 
Kd3 55.Rh2 Bc3 56.Re2 Bd4 57.Rh2 Bc3 58.Re2 Bd4 59.Rh2 Bf6 60.Re2 Bd4 
1/2-1/2